Las prácticas y relaciones al interior del SNEPCE como modelo de supervisión escolar democrática y revolucionaria en Nicaragua
Expone algunas consideraciones sobre el sistema nacional de educación, programación y capacitación educativa en Nicaragua y su relación con la supervisión escolar - Señala que el sistema nacional de evaluación, programación y capacitación educativa (SNEPCE) apunta hacia la búsqueda de soluciones en...
Guardat en:
| Autor principal: | |
|---|---|
| Format: | Text |
| Publicat: |
Managua:
Ministerio de Educación
|
| Etiquetes: |
Afegir etiqueta
Sense etiquetes, Sigues el primer a etiquetar aquest registre!
|
MARC
| LEADER | 00000 a a2200000 04500 | ||
|---|---|---|---|
| 001 | 20608 | ||
| 003 | |||
| 040 | |||
| 090 | |a 087000 | ||
| 100 | |a Castilla Urbina, Miguel de | ||
| 245 | |a Las prácticas y relaciones al interior del SNEPCE como modelo de supervisión escolar democrática y revolucionaria en Nicaragua | ||
| 260 | |a Managua: |b Ministerio de Educación | ||
| 300 | |a 59 p. | ||
| 520 | |a Expone algunas consideraciones sobre el sistema nacional de educación, programación y capacitación educativa en Nicaragua y su relación con la supervisión escolar - Señala que el sistema nacional de evaluación, programación y capacitación educativa (SNEPCE) apunta hacia la búsqueda de soluciones en cuanto a la relación entre educación y nueva sociedad. Defiende la hipótesis que lo que la educación necesita, en el proceso de transformación educativa (1979-1981), es no crear un sistema de supervisión escolar separado o paralelo del SNEPCE, sino intentar descubrir y extraer, de la practicas y relaciones que se dan en él, un modelo de desarrollo y comportamiento administrativo de autocontrol que coincida con las funciones señaladas para la supervisión escolar | ||
| 999 | |c 14465 |d 14465 | ||
